LDR 00922naa#a2200205#i#450# 001 RU\\bibl\119889 005 20260702213307.4 011 ## _a2500-4026 100 ## _a20190331b2019####ek#y0rusy0150####ca 101 0# _aRUS 102 ## _aRU 200 1# _aСОВЕРШЕНСТВОВАНИЕ КОНСТРУКЦИИ ПОРОШКОВОГО ОГНЕТУШИТЕЛЯ С ПОРИСТОЙ ЁМКОСТЬЮ ДЛЯ ОГНЕТУШАЩЕГО ВЕЩЕСТВА _eЖурнальная статья 210 1# _aЖелезногорск _cФГБОУ ВО Сибирская пожарно-спасательная академия ГПС МЧС России _d2019 215 ## _a8 с. 608 ## _aЖурнальная статья _2local 675 ## _aПорошковые огнетушители. 614.845.1 _zRUS 700 #1 _aПоляков _gА С 700 #1 _aКожевин _gД Ф 700 #1 _aСорокин _gИ А 856 4# _aapbt-sibpsa.editorum.ru _u